| 000 | 00738cam a2200253 i 4500 | ||
|---|---|---|---|
| 001 | 22844548 | ||
| 005 | 20231206020952.0 | ||
| 008 | 210127r20201922ii 000 0 eng d | ||
| 020 | _a9788121240772 | ||
| 020 | _a8121240778 | ||
| 040 |
_aDKAGE _beng _erda _cDKAGE _dDKAGE _dOCLCO _dOCLCF _dOCLCO _dDLC |
||
| 082 | 0 | 4 |
_a305.51220954 _223 _bLAK. |
| 100 | 1 | _aLakshmi Narasu, P. | |
| 245 | 1 | 2 |
_aA study of caste / _cP. Lakshmi Narasu. |
| 250 | _a2nd impression. | ||
| 260 |
_aNew delhi. _bAsian Educational Publication, _c1922. |
||
| 300 | _avii, 160 p ; | ||
| 500 | _aReprint: Originally published: Madras : K.V. Raghavulu, 1922. | ||
| 650 | 0 | _aCaste | |
| 650 | 6 | _aCastes | |
| 650 | 7 | _aCaste. | |
| 650 | 7 | _aSocial conditions. | |
| 942 | _cL | ||
| 999 |
_c158 _d158 |
||